Les entreprises forment moins quand la conjoncture se dégrade (Registro nro. 40035)
[ vista simple ]
| 000 -CABECERA | |
|---|---|
| Longitud fija campo de control | 01078naa a2200301 c 4500 |
| 001 - NÚMERO DE CONTROL | |
| Número de control | 40035 |
| 003 - IDENTIFICADOR DE NÚMERO DE CONTROL | |
| Identificador del número de control | ES-MaCES |
| 005 - FECHA Y HORA DE LA ÚLTIMA TRANSACCIÓN | |
| Fecha y hora de la última transacción | 20150929124735.0 |
| 008 - CAMPO FIJO DE DESCRIPCIÓN FIJA--INFORMACIÓN GENERAL | |
| Códigos de información de longitud fija | 100322n2010 fr d t 000 | fre d |
| 035 ## - NÚMERO DE CONTROL DEL SISTEMA | |
| Número de control del sistema | CES20100003733v |
| 040 ## - FUENTE DE CATALOGACIÓN | |
| Centro catalogador de origen | ES-MaCES |
| Lengua de catalogación | spa |
| Centro transcriptor | ES-MaCES |
| 100 1# - ENCABEZAMIENTO PRINCIPAL--NOMBRE PERSONAL | |
| Nombre de persona | Checcaglini, Agnès |
| 9 (RLIN) | 9545 |
| 245 14 - MENCIÓN DE TÍTULO | |
| Título | Les entreprises forment moins quand la conjoncture se dégrade |
| Mención de responsabilidad, etc. | Agnès Checcaglini et Isabelle Marion-Vernoux |
| 650 #4 - ASIENTO SECUNDARIO DE MATERIA--TÉRMINO DE MATERIA | |
| Término de materia o nombre geográfico como elemento inicial | Francia |
| 9 (RLIN) | 26943 |
| 650 #4 - ASIENTO SECUNDARIO DE MATERIA--TÉRMINO DE MATERIA | |
| Término de materia o nombre geográfico como elemento inicial | datos estadísticos |
| 9 (RLIN) | 30765 |
| 650 #4 - ASIENTO SECUNDARIO DE MATERIA--TÉRMINO DE MATERIA | |
| Término de materia o nombre geográfico como elemento inicial | coordinación de políticas de formación |
| 9 (RLIN) | 29975 |
| 650 #4 - ASIENTO SECUNDARIO DE MATERIA--TÉRMINO DE MATERIA | |
| Término de materia o nombre geográfico como elemento inicial | financiación |
| 9 (RLIN) | 28125 |
| 650 #4 - ASIENTO SECUNDARIO DE MATERIA--TÉRMINO DE MATERIA | |
| Término de materia o nombre geográfico como elemento inicial | producto interior bruto |
| 9 (RLIN) | 29369 |
| 650 #4 - ASIENTO SECUNDARIO DE MATERIA--TÉRMINO DE MATERIA | |
| Término de materia o nombre geográfico como elemento inicial | crecimiento económico |
| 9 (RLIN) | 27094 |
| 653 10 - TÉRMINO DE INDEXACIÓN--NO CONTROLADO | |
| Término no controlado | Condiciones económicas |
| 650 #4 - ASIENTO SECUNDARIO DE MATERIA--TÉRMINO DE MATERIA | |
| 9 (RLIN) | 28178 |
| Término de materia o nombre geográfico como elemento inicial | empresa |
| 650 #4 - ASIENTO SECUNDARIO DE MATERIA--TÉRMINO DE MATERIA | |
| 9 (RLIN) | 30761 |
| Término de materia o nombre geográfico como elemento inicial | sector financiero |
| 700 1# - ENCABEZAMIENTO SECUNDARIO--NOMBRE PERSONAL | |
| Nombre de persona | Marion-Vernoux, Isabelle |
| 9 (RLIN) | 17577 |
| 773 0# - ENTRADA DE DOCUMENTO FUENTE | |
| Título | Partage |
| Parte(s) relacionada(s) | nº 208 (janv.-févr. 2010){10427 R. 076219}; p. 26-28 |
| Número de control del registro relacionado | (ES-MaCES)25436 |
| Itemnumber del ítem fuente | 57674 |
| 902 ## - CES. TIPO DE DOCUMENTO | |
| Tipodoc (006$c Sirtex) | ART Artículo de revista |
| 942 ## - ELEMENTOS KOHA | |
| Fuente de clasificaión o esquema | Clasificación propia del CES |
| Koha [por defecto] tipo de item | Artículos (1982-2017) |
| Parte de clasificación | 0.0. |
No hay ítems disponibles.
